| 000 | 01997cam a22002771 4500 | ||
|---|---|---|---|
| 001 | 19779 | ||
| 003 | BD-RjUL | ||
| 005 | 20211209000458.0 | ||
| 008 | 140225s1921 enkf 000 0 eng | ||
| 035 | _a(BD-RjUL)19840 | ||
| 035 | _a(OCoLC)1097069 | ||
| 040 |
_aDLC _cPPSJ _dOCoLC _dDLC _dBD-RjUL _beng |
||
| 041 | _aeng | ||
| 082 |
_a821.4 _bMIN |
||
| 245 | 1 | 0 |
_aMinor poets of the Caroline period / _ced. by George Saintsbury, M.A. _nVolume III |
| 260 |
_aOxford : _bAt the Clarendon Press, _c1921. |
||
| 300 |
_a460 p. : _bfront., plates. _c23 cm. |
||
| 500 | _aWith reproductions of original title-pages. | ||
| 500 | _a--v. 3. John Cleveland: Poems. Thomas Stanley: Poems not printed after 1647; Poems printed in 1647 and reprinted in 1656 but not in 1651; 1651 poems; Poems appearing only in the edition of 1656. Henry King: Poems, elegies, paradoxes, and sonnets. Thomas Flatman: Poems and songs. Nathaniel Whiting: The pleasing history of Albino and Bellama. | ||
| 505 | 0 | _av. 1. General introduction. William Chamberlayne: Pharonnida; England's jubilee. Edward Benlowes: Theophila; The summary of wisdom; A Poetic descant upon a private music-meeting. Katherine Philips: Poems. Patrick Hannay: Philomela; Sheretine and Mariana; A happy husband; Elegies on the death of our late sovereign Queen Anne, with epitaphs; Songs and sonnets.--v. 2. Shakerley Marmion: The legend of Cupid and Psyche. Sir Francis Kynaston: Leoline and Sydanis; Cynthiades, or Amorous sonnets. John Hall: Poems. The first book; Divine poems. The second book. Sidney Godolphin: Poems. Philip Ayres: Lyric poems; Emblems of love. John Chalkhill: Thealma and Clearchus; Coridon's song; Oh, the brave fisher's life. Patrick Carey: Ballads; Triolets. William Hammond: Poems. William Bosworth: Arcadius and Sepha; Hinc lachrimae. | |
| 650 | 0 |
_aEnglish poetry _yEarly modern, 1500-1700. _94392 |
|
| 700 | 1 |
_aSaintsbury, George, _d1845-1933, _9240400 |
|
| 942 |
_2ddc _cBK |
||
| 999 |
_c19779 _d19779 |
||